000 00666nam a22002297a 4500
003 UA-OsUOA
001 105507
007 ta
008 20140312b un ||||| |||| 00| 0 ukr d
090 _a929:61
_bА62
942 _cBK
040 _aUA-OsUOA
_bukr
_cUA-OsUOA
_dUA-OsUOA
245 _aМ. М. Амосов. До 100-річчя від дня народження
_cукл. К. М. Амосова
300 _a264 с.
955 _a1
041 _aukr
080 _a929:61
020 _a978-966-360-234-9
260 _aК.
_bАкадемперіодика
_c2013
650 7 _a9 Географія. Біографії. Історія
_2UDC
999 _c391778
_d391778